Provinces of Germany - Statistics

General Stats
  • This quiz has been taken 944 times
  • The average score is 9 of 16
Answer Stats
Hint Answer % Correct
1 Berlin
87%
4 Bavaria
85%
2 Hamburg
72%
13 Saxony
68%
3 Bremen
59%
5 Baden-Württemberg
57%
6 Brandenburg
53%
10 North Rhine Westphalia
52%
8 Lower Saxony
50%
7 Hesse
49%
9 Mecklenburg Vorpommern
49%
11 Rhineland Palatinate
49%
12 Saarland
48%
15 Schleswig Holstein
46%
14 Saxony-Anhalt
44%
16 Thuringia
44%
No matching quizzes found
Score Distribution
Percent of People with Each Score
Percentile by Number Answered
Your Score History
You have not taken this quiz